000 00280nam a2200109Ia 4500
008 190907s9999||||xx |||||||||||||| ||und||
100 _aArthur Meidan
245 0 _aFinancial Servicess Marketing A reader
260 _aIndia
_bPrentice Hall Inc.
_c1997
300 _a375
942 _cBK
999 _c6220
_d6220